Statistics for A Place for My Head - Linkin Park (Lyrics)

Click here to take the quiz!

General Stats

  • This quiz has been taken 22 times
  • The average score is 40 of 56

Answer Stats

Lyrics% Correct
It makes me think of how you {act} to me
100%
Sick of you {acting} like I owe you this
100%
Sick of you {acting} like I owe you this
100%
Sick of you {acting} like I owe you this
100%
Sick of you {acting} like I owe you this
100%
Sick of you {acting} like I owe you this
100%
I want to be in another {place}
95%
I want to be in another {place}
95%
I want to be in another {place}
95%
And the Sun doesn't give light to the {Moon} assuming
90%
A {place} for my {head}
90%
A {place} for my {head}
90%
A {place} for my {head}
90%
I watch how the {Moon}
90%
While I find a place to {rest}
85%
While I find a place to {rest}
85%
While I find a place to {rest}
85%
While I find a place to {rest}
85%
While I find a place to {rest}
85%
Sits in the {sky} in the dark {night}
75%
The Moon's going to {owe} it one
75%
(You'll see it's not {meant} to be)
75%
(You'll see it's not {meant} to be)
75%
(You'll see it's not {meant} to be)
75%
Go {away} (8x)
70%
I {hate} when you say you don't {understand}
70%
I {hate} when you say you don't {understand}
70%
I {hate} when you say you don't {understand}
70%
I'm sick of the {tension}, sick of the {hunger}
70%
I'm so sick of the {tension}, sick of the {hunger}
70%
I'm so sick of the {tension}, sick of the {hunger}
70%
I'm so sick of the {tension}, sick of the {hunger}
70%
I'm so sick of the {tension}, sick of the {hunger}
70%
I want to be in the {energy}, not with the {enemy}
70%
I want to be in the {energy}, not with the {enemy}
70%
I want to be in the {energy}, not with the {enemy}
70%
You try to take the {best} of me (8x)
70%
Find another place to {feed} your {greed}
65%
Find another place to {feed} your {greed}
65%
Find another place to {feed} your {greed}
65%
Find another place to {feed} your {greed}
65%
Find another place to {feed} your {greed}
65%
{Shining} with the light from the {Sun}
60%
Things you want {back} from me
60%
Run away all the people I {thought} I knew
55%
Turn around and start {asking} me about
55%
Step on {people} like you do and
50%
That you'd, wear out your {welcome} now you see
50%
I {remember} back then who you were
45%
Maybe {someday}, I'll be just like you and
45%
You do, {favours} then rapidly, you just
40%
How {quiet} it is all alone
35%
{Stay away}
35%
({Stay away} from me)
35%
Used to be {generous}, but you should've known
30%
You used to be {calm}, used to be {strong}
30%

Score Distribution

Percentile by Number Answered

Percent of People with Each Score

Your Score History

You have not taken this quiz